Основы общей физики: учебное пособие; в 3 т.

Dades bibliogràfiques
Autor principal: Молотков Н. Я. Николай Яковлевич
Idioma:rus
Publicat: Старый Оскол, ТНТ, 2016-
Format: MixedMaterials Llibre
KOHA link:https://koha.lib.tpu.ru/cgi-bin/koha/opac-detail.pl?biblionumber=297805

MARC

LEADER 00000nam1a2200000 4500
001 297805
005 20231101003346.0
010 |a 9785941785100 
035 |a (RuTPU)RU\TPU\book\322940 
090 |a 297805 
100 |a 20150611d2016 m y0rusy50 ca 
101 0 |a rus 
102 |a RU 
200 1 |a Основы общей физики  |e учебное пособие  |e в 3 т.  |f Н. Я. Молотков 
210 |a Старый Оскол  |c ТНТ  |d 2016-  
700 1 |a Молотков  |b Н. Я.  |g Николай Яковлевич 
801 1 |a RU  |b 63413507  |c 20150611 
801 2 |a RU  |b 63413507  |c 20160608  |g RCR 
942 |c BK